| 000 | 00527nam a2200133Ia 4500 | ||
|---|---|---|---|
| 008 | 160809s9999 xx 000 0 und d | ||
| 100 | _aStephenson, Jennifer. | ||
| 245 | _aTHE WORK OF TEACHER AIDES IN AUSTRALIA: AN ANALYSIS OF JOB ADVERTISEMENTS | ||
| 245 | _cJennifer Stephenson Mark Carter Macquarie University. | ||
| 260 | _bInternational Journal of Special Education | ||
| 260 | _c2014 | ||
| 650 | _xSPECIAL EDUCATION | ||
| 856 | _uhttp://www.internationaljournalofspecialed.com/issues/IJSE%20ENTIRE%20ISSUE%2029%203.pdf | ||
| 999 |
_c300284 _d300284 |
||